[Event "Titled Tuesday intern op 12th Dec Late"]
[Site "Chess.com INT"]
[Date "2023.12.12"]
[Round "1"]
[White "Clarke, Matthew"]
[Black "Liang, Justin S"]
[Result "1-0"]
[WhiteElo "2127"]
[BlackElo "2052"]
[PlyCount "85"]
[EventDate "2023.12.12"]
[EventType "swiss (blitz)"]
[EventRounds "11"]
[EventCountry "USA"]
[SourceTitle "EXT 2025"]
[Source "ChessBase"]
[SourceDate "2024.10.14"]
[SourceVersion "1"]
[SourceVersionDate "2024.10.14"]
[SourceQuality "1"]

1. d4 Nf6 2. c4 e6 3. g3 d5 4. Bg2 Bb4+ 5. Bd2 Be7 6. Nf3 0-0 7. 0-0 c6 8. b3 Ne4 9. Nc3 f5 10. Qc2 Nd7 11. h4 h6 12. Rfd1 Bf6 13. b4 a6 14. Be1 g5 15. hxg5 hxg5 16. a4 Rf7 17. e3 Rh7 18. b5 Qf8 19. Nxe4 fxe4 20. Nh2 Be7 21. bxc6 bxc6 22. cxd5 cxd5 23. Qc6 Rb8 24. Qxe6+ Qf7 25. Bh3 Nf6 26. Qxf7+ Kxf7 27. Bxc8 Rxc8 28. Rdc1 Rhh8 29. Rab1 Rc4 30. Rxc4 dxc4 31. Rb7 Ke6 32. Rb6+ Kf5 33. Rc6 Rc8 34. Rxc8 Nd5 35. Rxc4 Bd6 36. g4+ Ke6 37. Rc6 Kd7 38. Rxa6 Nc7 39. Rxd6+ Kxd6 40. a5 Kc6 41. Nf1 Kb5 42. Ng3 Nd5 43. Nxe4 1-0

[Event "Titled Tuesday intern op 07th Feb Early"]
[Site "Chess.com INT"]
[Date "2023.02.07"]
[Round "3"]
[White "Liang, Justin S"]
[Black "Dilmukhametov, Artur"]
[Result "0-1"]
[WhiteElo "2052"]
[BlackElo "2276"]
[PlyCount "48"]
[EventDate "2023.02.07"]
[EventType "swiss (blitz)"]
[EventRounds "11"]
[EventCountry "USA"]
[SourceTitle "EXT 2024"]
[Source "ChessBase"]
[SourceDate "2023.10.10"]
[SourceVersion "1"]
[SourceVersionDate "2023.10.10"]
[SourceQuality "1"]

1. c4 c6 2. g3 d5 3. cxd5 cxd5 4. Bg2 Nc6 5. Nf3 Nf6 6. d4 Bg4 7. 0-0 e6 8. Nc3 Be7 9. Bf4 0-0 10. Qb3 Na5 11. Qa4 a6 12. Rfc1 b5 13. Qd1 Rc8 14. Ne5 Bh5 15. a4 b4 16. Na2 Nd7 17. Qd3 Nxe5 18. Bxe5 Bg6 19. Qd1 b3 20. Nc3 Bc2 21. Rxc2 bxc2 22. Qxc2 Nc4 23. Bf4 Bb4 24. Bf1 Nxb2 0-1

[Event "Titled Tuesday intern op 31st Jan Early"]
[Site "Chess.com INT"]
[Date "2023.01.31"]
[Round "1"]
[White "Micic, Aleksa"]
[Black "Liang, Justin S"]
[Result "1-0"]
[WhiteElo "2273"]
[BlackElo "2092"]
[PlyCount "127"]
[EventDate "2023.01.31"]
[EventType "swiss (blitz)"]
[EventRounds "11"]
[EventCountry "USA"]
[SourceTitle "CBM 212 Extra"]
[Source "ChessBase"]
[SourceDate "2023.03.31"]
[SourceVersion "1"]
[SourceVersionDate "2023.03.31"]
[SourceQuality "1"]

1. d4 Nf6 2. Nc3 d5 3. Bf4 e6 4. Nb5 Bd6 5. Nxd6+ cxd6 6. Nf3 Nc6 7. c3 0-0 8. e3 Ne4 9. Bd3 f5 10. 0-0 Qe7 11. b4 Nxc3 12. Qb3 Ne4 13. b5 Na5 14. Qa3 Nc4 15. Bxc4 dxc4 16. Qb4 c3 17. a4 g5 18. Nxg5 Nxg5 19. Bxd6 Qg7 20. Bxf8 Qxf8 21. Qxc3 Ne4 22. Qc7 Qf7 23. Qd8+ Qf8 24. Qc7 Qd6 25. Qxd6 Nxd6 26. Rac1 Bd7 27. Rc7 Rd8 28. Rfc1 Kf7 29. a5 Ke8 30. b6 a6 31. f3 Rc8 32. Rxc8+ Bxc8 33. Rc7 Bd7 34. e4 fxe4 35. fxe4 Bc6 36. e5 Nc4 37. Rxh7 Nxa5 38. g4 Nc4 39. g5 Be4 40. Rh8+ Kf7 41. h4 a5 42. h5 Ne3 43. Ra8 Nc4 44. Kf2 Bc2 45. g6+ Kg7 46. Kg3 a4 47. Kf4 Nxb6 48. Rb8 Kh6 49. Rxb7 Nd5+ 50. Kg4 Bd1+ 51. Kh4 Bxh5 52. g7 Kh7 53. Kxh5 a3 54. Ra7 Nb4 55. Rxa3 Kxg7 56. Rg3+ Kf7 57. Kh6 Nc6 58. Rg4 Ne7 59. Rf4+ Nf5+ 60. Rxf5+ exf5 61. Kg5 Ke6 62. Kf4 Kd5 63. Kxf5 Kxd4 64. e6 1-0

[Event "Titled Tuesday intern op 17th Jan Late"]
[Site "Chess.com INT"]
[Date "2023.01.17"]
[Round "3"]
[White "Liang, Justin S"]
[Black "Mikaelyan, Arman"]
[Result "1-0"]
[WhiteElo "2092"]
[BlackElo "2504"]
[PlyCount "73"]
[EventDate "2023.01.17"]
[EventType "swiss (blitz)"]
[EventRounds "11"]
[EventCountry "USA"]
[SourceTitle "CBM 212 Extra"]
[Source "ChessBase"]
[SourceDate "2023.03.31"]
[SourceVersion "1"]
[SourceVersionDate "2023.03.31"]
[SourceQuality "1"]

1. d4 Nf6 2. c4 e6 3. Nf3 d5 4. g3 Be7 5. Bg2 0-0 6. 0-0 c6 7. Qc2 Nbd7 8. b3 b6 9. Bb2 Bb7 10. Nbd2 Rc8 11. Rac1 c5 12. Qb1 dxc4 13. Nxc4 b5 14. Ne3 cxd4 15. Nxd4 Bxg2 16. Kxg2 Qb6 17. Rfd1 Bc5 18. Qa1 Rfd8 19. a3 a5 20. a4 bxa4 21. Qxa4 h6 22. Nc4 Qb7+ 23. f3 Nd5 24. e4 N7b6 25. Qb5 Nxc4 26. Qxb7 Nde3+ 27. Kh3 Nxd1 28. Nc6 Nf2+ 29. Kg2 Ne3+ 30. Kxf2 Ng4+ 31. Kg2 Rd2+ 32. Kh3 Nf2+ 33. Kh4 Rf8 34. Bxg7 Be3 35. Bf6 Nxe4 36. Ne7+ Kh7 37. Qxe4# 1-0

[Event "Titled Tuesday intern op 17th Jan Late"]
[Site "Chess.com INT"]
[Date "2023.01.17"]
[Round "2"]
[White "Sanal, Vahap"]
[Black "Liang, Justin S"]
[Result "0-1"]
[WhiteElo "2590"]
[BlackElo "2092"]
[PlyCount "60"]
[EventDate "2023.01.17"]
[EventType "swiss (blitz)"]
[EventRounds "11"]
[EventCountry "USA"]
[SourceTitle "CBM 212 Extra"]
[Source "ChessBase"]
[SourceDate "2023.03.31"]
[SourceVersion "1"]
[SourceVersionDate "2023.03.31"]
[SourceQuality "1"]

1. e4 c5 2. Nc3 Nc6 3. Bb5 Nd4 4. a4 a6 5. Bc4 e6 6. Nf3 Qc7 7. Ba2 Nf6 8. d3 Be7 9. Nxd4 cxd4 10. Ne2 Bc5 11. 0-0 b5 12. Bb3 Bb7 13. Ng3 d5 14. f3 Bd6 15. Qe1 h5 16. Rf2 Bxg3 17. hxg3 Qxg3 18. axb5 axb5 19. Rxa8+ Bxa8 20. Qa5 0-0 21. Qxb5 h4 22. Qc5 e5 23. Kf1 dxe4 24. dxe4 Bxe4 25. Bd2 h3 26. gxh3 Bxf3 27. Bb4 Ra8 28. Ba3 Ne4 29. Bxf7+ Kh8 30. Rxf3 Qxf3+ 0-1

[Event "Titled Tuesday intern op 10th Jan Early"]
[Site "Chess.com INT"]
[Date "2023.01.10"]
[Round "2"]
[White "Jimenez, Joaquin Rodrigo"]
[Black "Liang, Justin S"]
[Result "0-1"]
[WhiteElo "2195"]
[BlackElo "2092"]
[PlyCount "60"]
[EventDate "2023.01.10"]
[EventType "swiss (blitz)"]
[EventRounds "11"]
[EventCountry "USA"]
[SourceTitle "EXT 2024"]
[Source "ChessBase"]
[SourceDate "2023.10.10"]
[SourceVersion "1"]
[SourceVersionDate "2023.10.10"]
[SourceQuality "1"]

1. e4 c5 2. Nf3 e6 3. d4 cxd4 4. Nxd4 a6 5. Nc3 Qc7 6. f4 b5 7. a3 Bb7 8. Bd3 Nc6 9. Nb3 d6 10. Qe2 Nf6 11. Be3 Be7 12. 0-0-0 Nd7 13. Rhe1 Nb6 14. Bxb5 axb5 15. Nxb5 Qd8 16. Qg4 Nc4 17. Bd4 Nxd4 18. Rxd4 Rc8 19. e5 0-0 20. Nxd6 Nxd6 21. exd6 Bf6 22. Rd2 Bd5 23. f5 Bxb3 24. d7 Rc7 25. fxe6 Bxe6 26. Rxe6 fxe6 27. Qxe6+ Kh8 28. Kb1 Rb7 29. b3 Qe7 30. Qd5 Qxa3 0-1

[Event "Titled Tuesday intern op 10th Jan Early"]
[Site "Chess.com INT"]
[Date "2023.01.10"]
[Round "4"]
[White "Liang, Justin S"]
[Black "Mahdavi, Reza"]
[Result "0-1"]
[WhiteElo "2092"]
[BlackElo "2304"]
[PlyCount "58"]
[EventDate "2023.01.10"]
[EventType "swiss (blitz)"]
[EventRounds "11"]
[EventCountry "USA"]
[SourceTitle "EXT 2024"]
[Source "ChessBase"]
[SourceDate "2023.10.10"]
[SourceVersion "1"]
[SourceVersionDate "2023.10.10"]
[SourceQuality "1"]

1. d4 g6 2. e4 Bg7 3. Nf3 d6 4. Nc3 a6 5. Bg5 h6 6. Be3 e6 7. Qd2 b5 8. Ne2 Bb7 9. Ng3 Nf6 10. Bd3 Nbd7 11. h3 c5 12. c3 Qe7 13. 0-0 e5 14. a4 c4 15. Bc2 h5 16. d5 0-0 17. Bg5 Nc5 18. axb5 axb5 19. Nh4 Qc7 20. f4 Rxa1 21. Rxa1 Nh7 22. f5 f6 23. Bh6 g5 24. Bxg7 Kxg7 25. Nxh5+ Kf7 26. Ng6 Ra8 27. Rxa8 Bxa8 28. h4 Qa7 29. Qc1 Nd3+ 0-1